00639cam a2200181Ia 4500008004100000020003000041245013100071260005300202300003500255440003800290504004100328500002000369650002000389700002100409003000100430005001700431040000900448  a0273653792 (v. 1) (pbk. )00aFinancial Times mastering riskbVolume 1:your single source guide to becoming a master of risk. /cEdited by , James Pickford. aLondon :bFinancial Times Prentice Hall,c2001. a vii, 325 p. :bill. ;c25 cm. aFinancial Times mastering series. aIncludes bibliographical references. aIncludes index. aRisk management aPickford , James20230123134431.0 cNUST